| 000 | 00484nam a2200205Ia 4500 | ||
|---|---|---|---|
| 008 | 210210b1960 xxu||||| |||| 00| 0 eng d | ||
| 041 | _aeng | ||
| 082 | _a520/122 | ||
| 100 | _aNOURSE (Alan E) | ||
| 245 | _aNine planets: the worlds of science astronomy | ||
| 260 |
_aAmerica _bHarper & Brothers _c1960 |
||
| 300 | _a288 | ||
| 650 | _aworlds | ||
| 650 | _ascience | ||
| 650 | _aplanets: | ||
| 650 | _aNine | ||
| 650 | _aastronomy | ||
| 690 | _aAstronomy | ||
| 906 | _a008107 | ||
| 999 |
_c126110 _d126110 |
||